| 000 | 01561nam2a22002531 4500 | ||
|---|---|---|---|
| 001 | rc\158475 | ||
| 005 | 20250612183412.0 | ||
| 035 | _a(NLR Aleph) 008783874 | ||
| 090 |
_a7999154 _c7999154 |
||
| 100 | _a20030307d1991 |||y0rusy50 ca | ||
| 101 | 0 | _arus | |
| 102 | _aRU | ||
| 105 | _aa ||||||||| | ||
| 200 | 0 | _aЧ. 1 | |
| 210 |
_d1991 _aБ. м. |
||
| 215 |
_a[2], 76 с. _cил. |
||
| 461 | 0 |
_1001rc\158474 _12001#$aМЕТОДИЧЕСКОЕ пособие по проведению занятий по упражнениям наземной подготовки курсов учебно-летной подготовки$e(КУЛП-В-85-МИ-2 и КУЛП-СВ-85-МИ-2)$e[В 3 ч.]$f[ДОСААФ СССР. Упр. авиац. подгот. и авиац. спорта ЦК... Учеб.-метод. центр. ЦК...$vЧ. 1 _97863082 _cМ. _d1991 _f[ДОСААФ СССР. Упр. авиац. подгот. и авиац. спорта ЦК... Учеб.-метод. центр. ЦК... _nБ. и. _o(КУЛП-В-85-МИ-2 и КУЛП-СВ-85-МИ-2) : [В 3 ч.] _tМЕТОДИЧЕСКОЕ пособие по проведению занятий по упражнениям наземной подготовки курсов учебно-летной подготовки _vЧ. 1 |
|
| 606 | 1 |
_aАвиаспортивные клубы ДОСААФ _xСпециалисты _xПодготовка _2nlr_sh1 |
|
| 801 | 0 |
_aRU _bNLR _gpsbo |
|
| 801 | 1 |
_aRU _bELAR _2rusmarc |
|
| 801 | 2 |
_aRU _bNLR _c20050512 _2rusmarc |
|
| 852 |
_aNLR _j91-4/10178 |
||
| 942 | _cBOOK | ||
| 980 | _aNB | ||